|
|
|
|
| LEADER |
00809cam a2200205 7i4500 |
| 001 |
0000040965 |
| 005 |
20120209090000.0 |
| 020 |
|
|
|a 0470197439 (hbk.)
|
| 020 |
|
|
|a 9780470197431 (hbk.)
|
| 090 |
0 |
0 |
|a LB2386
|b .F67 2008
|
| 245 |
0 |
4 |
|a The formation of scholars :
|b rethinking doctoral education for the twenty-first century
|c George E. Walker ... [et al.] ; foreword by Lee S. Shulman.
|
| 250 |
|
|
|a 1st ed.
|
| 260 |
|
|
|a San Francisco, CA:
|b Jossey-Bass,
|c 2008.
|
| 300 |
|
|
|a xxi, 232 p.:
|b ill.;
|c 24 cm.
|
| 650 |
0 |
0 |
|a Doctor of philosophy degree
|
| 650 |
0 |
0 |
|a Universities and colleges --
|x Graduate work --
|z United States
|
| 700 |
1 |
|
|a Walker, George E
|
| 700 |
1 |
|
|a Shulman, Lee S
|
| 710 |
0 |
0 |
|a Carnegie Foundation for the Advancement of Teaching
|
| 999 |
|
|
|a 0000050253
|b BOK
|c OPEN SHELF
|e 1st Floor, Shah Alam
|